000 00585nam a2200121Ia 4500
008 220620s9999||||xx |||||||||||||| ||und||
100 _aAshley, Seth
245 0 _aNews Literacy and Democracy
546 _aEnglish[eng]
650 _acritical reading||fake news||informed consumption||media literacy||news and democracy||news literacy||news media systems||political communication||political economy of news
856 _uhttps://library.oapen.org/bitstream/20.500.12657/52776/1/9780429863073.pdf||https://library.oapen.org/bitstream/20.500.12657/52776/1/9780429863073.pdf
942 _cEB
999 _c25110
_d25110